| 000 | 00613nam a2200229 i 4500 | ||
|---|---|---|---|
| 001 | bg | ||
| 100 | 1 | _aFRIED-BOOTH, Diana L. | |
| 245 | 0 |
_aProject Work / _cDiana L. Fried-Booth. |
|
| 250 | _a[4th impr.]. | ||
| 260 |
_aOxford : _bOxford University Press, _c1990. |
||
| 300 |
_a[6], 89 s. : _brys., wykr. ; _c25 cm. |
||
| 490 | 1 | _aResource Books Teachers | |
| 504 | _aBibliogr. s. 88-89. | ||
| 830 | _aResource Books Teachers | ||
| 020 | _a0194370925 | ||
| 040 | _cBPK | ||
| 041 | _apol | ||
| 080 | _a802.0(075.8) | ||
| 920 | _a0-19-437092-5 | ||
| 942 | _cKS | ||
| 008 | s pl f |000 0 pol | ||
| 999 |
_c5413 _d5413 |
||
| 856 |
_uhttp://koha.tu.koszalin.pl/cgi-bin/koha/opac-detail.pl?biblionumber=5413 _yKatalog online BPK |
||